[Event "BL 9091 Delmenhorst-Heidelberg"]
[Site "?"]
[Date "1991.??.??"]
[Round "?.1"]
[White "Steinbacher, M."]
[Black "Hausner, I."]
[Result "0-1"]
[WhiteElo "2370"]
[BlackElo "2445"]
[PlyCount "44"]
[EventDate "1991.??.??"]

1. e4 c5 2. Nf3 d6 3. d4 cxd4 4. Nxd4 Nf6 5. Nc3 a6 6. Bg5 e6 7. f4 Be7 8. Qf3
Qc7 9. O-O-O O-O 10. g4 b5 11. Bxf6 Bxf6 12. g5 Bxd4 13. Rxd4 Nc6 14. Rd2 Bb7
15. h4 Rac8 16. Qf2 Qa5 17. Rh3 Nb4 18. Rxd6 Rxc3 19. bxc3 Qa3+ 20. Kd2 Nxa2
21. Rd4 Qc1+ 22. Kd3 Rc8 0-1

[Event "BL 9091 Delmenhorst-Heidelberg"]
[Site "?"]
[Date "1991.??.??"]
[Round "?.2"]
[White "Armas, I."]
[Black "Neurohr, S."]
[Result "0-1"]
[WhiteElo "2450"]
[BlackElo "2335"]
[PlyCount "62"]
[EventDate "1991.??.??"]

1. e4 c5 2. Nf3 d6 3. d4 cxd4 4. Nxd4 Nf6 5. Nc3 a6 6. Be3 e5 7. Nb3 Be6 8. Qd2
b5 9. f3 Nbd7 10. a4 b4 11. Nd5 Bxd5 12. exd5 Nb6 13. Bxb6 Qxb6 14. a5 Qb7 15.
Bc4 Be7 16. Ra4 Rb8 17. Nc1 Bd8 18. Na2 Bxa5 19. Rxa5 Qc7 20. Bb5+ axb5 21. Ra6
O-O 22. Nxb4 Ra8 23. Rc6 Qa7 24. Ke2 e4 25. Ra6 Qe7 26. Rxa8 exf3+ 27. Kxf3
Qe4+ 28. Kf2 Qf5+ 29. Ke2 Qg4+ 30. Ke3 Rxa8 31. Re1 Qxb4 0-1

[Event "BL 9091 Delmenhorst-Heidelberg"]
[Site "?"]
[Date "1991.??.??"]
[Round "?.3"]
[White "Ostl, A."]
[Black "Hermann, Man"]
[Result "1/2-1/2"]
[WhiteElo "2325"]
[BlackElo "2385"]
[PlyCount "63"]
[EventDate "1991.??.??"]

1. d4 d5 2. Nf3 Nf6 3. c4 c6 4. Nc3 dxc4 5. a4 Bf5 6. e3 e6 7. Bxc4 Bb4 8. O-O
O-O 9. Qe2 Nbd7 10. Nh4 Bg4 11. f3 Nd5 12. fxg4 Qxh4 13. g3 Qe7 14. Bd2 a5 15.
e4 N5b6 16. Bb3 c5 17. dxc5 Nxc5 18. Bc2 e5 19. Nd5 Nxd5 20. exd5 Bxd2 21. Qxd2
Qd6 22. Rad1 b6 23. g5 Rae8 24. b4 axb4 25. Qxb4 e4 26. Rf5 f6 27. gxf6 Rxf6
28. Rxf6 gxf6 29. Qb5 Re7 30. Qc6 Qxc6 31. dxc6 Rc7 32. Rd4 1/2-1/2

[Event "BL 9091 Delmenhorst-Heidelberg"]
[Site "?"]
[Date "1991.??.??"]
[Round "?.4"]
[White "Borik, O."]
[Black "Pirrot, D."]
[Result "0-1"]
[WhiteElo "2375"]
[BlackElo "2325"]
[PlyCount "44"]
[EventDate "1991.??.??"]

1. d4 Nf6 2. c4 g6 3. Nc3 Bg7 4. e4 d6 5. Nf3 O-O 6. Be3 c5 7. d5 e6 8. dxe6
Bxe6 9. Be2 Qb6 10. Rb1 Nc6 11. O-O Ng4 12. Bg5 Nge5 13. Nd2 f5 14. exf5 Rxf5
15. Be3 Nd4 16. b4 Qc6 17. bxc5 dxc5 18. f4 Nxe2+ 19. Qxe2 Ng4 20. Qxg4 Bxc3
21. Qf3 Bxd2 22. Qxc6 Bxe3+ 0-1

[Event "BL 9091 Delmenhorst-Heidelberg"]
[Site "?"]
[Date "1991.??.??"]
[Round "?.5"]
[White "Weber, M."]
[Black "Schlemermeyer, W."]
[Result "1-0"]
[WhiteElo "2330"]
[BlackElo "2330"]
[PlyCount "67"]
[EventDate "1991.??.??"]

1. Nf3 d6 2. d4 g6 3. e4 Nf6 4. Nc3 Bg7 5. Be2 O-O 6. O-O Bg4 7. Be3 Nc6 8. Qd2
Re8 9. Rad1 e5 10. dxe5 Nxe5 11. Nxe5 Rxe5 12. f3 Bd7 13. Bd4 Re8 14. Bc4 Be6
15. Bb3 a6 16. Bxe6 Rxe6 17. Ne2 Re8 18. c4 b5 19. c5 d5 20. e5 Nd7 21. f4 c6
22. Ng3 f6 23. exf6 Nxf6 24. f5 Rf8 25. Qd3 g5 26. Qe3 Kh8 27. Qxg5 Rg8 28. Qf4
Qf8 29. Rde1 Ra7 30. Re6 Rf7 31. Rxc6 Ne4 32. Be5 Nxc5 33. Bd6 Nd3 34. Bxf8 1-0

[Event "BL 9091 Delmenhorst-Heidelberg"]
[Site "?"]
[Date "1991.??.??"]
[Round "?.6"]
[White "Breutigam, M."]
[Black "Grathwohl, R."]
[Result "1/2-1/2"]
[WhiteElo "2330"]
[BlackElo "2320"]
[PlyCount "86"]
[EventDate "1991.??.??"]

1. d4 Nf6 2. c4 e6 3. Nc3 Bb4 4. Bg5 h6 5. Bh4 c5 6. dxc5 Na6 7. Qd4 Bxc5 8.
Qd2 Ne4 9. Nxe4 Qxh4 10. Nxc5 Nxc5 11. Nf3 Qf6 12. g3 b6 13. Bg2 Bb7 14. O-O d5
15. cxd5 Bxd5 16. b4 Ne4 17. Qd3 O-O 18. Nd4 Rad8 19. Rad1 Nc5 20. Qe3 Na4 21.
Bxd5 Rxd5 22. Nc6 Nc3 23. Rxd5 Nxd5 24. Qa3 Nc3 25. Qb2 a6 26. Rc1 Na4 27. Qxf6
gxf6 28. e3 Kg7 29. Nd4 Rd8 30. Rc7 Rd6 31. Kf1 f5 32. Ke2 Kf6 33. f4 a5 34.
bxa5 bxa5 35. Nf3 Rb6 36. Ne5 Rb2+ 37. Kf3 Kg7 38. Rxf7+ Kg8 39. Ra7 Nc3 40.
Rxa5 Ne4 41. Nd3 Rxh2 42. g4 Nd2+ 43. Kg3 Nf1+ 1/2-1/2

[Event "BL 9091 Delmenhorst-Heidelberg"]
[Site "?"]
[Date "1991.??.??"]
[Round "?.7"]
[White "Zuse, P."]
[Black "Derikum, A."]
[Result "1-0"]
[WhiteElo "2230"]
[BlackElo "2320"]
[PlyCount "89"]
[EventDate "1991.??.??"]

1. e4 c6 2. d4 d5 3. Nc3 dxe4 4. Nxe4 Nf6 5. Nxf6+ gxf6 6. Nf3 Bf5 7. Be2 Qc7
8. O-O Nd7 9. Be3 O-O-O 10. b4 e5 11. b5 Nb6 12. bxc6 Qxc6 13. c4 Bc5 14. d5
Qc7 15. Nd2 Rhg8 16. Nb3 Nd7 17. Nxc5 Nxc5 18. Kh1 Kb8 19. Qd2 Rd6 20. Rfd1 Rc8
21. Rac1 Bg6 22. Qe1 Ra6 23. Rd2 Qd6 24. f3 f5 25. f4 exf4 26. Bd4 Re8 27. Qh4
Ra5 28. Bg7 Ne4 29. Bh6 Kc8 30. Bxf4 Qc5 31. Bf3 Nxd2 32. Bxd2 Rxa2 33. Bc3 Ra4
34. Be1 Qe3 35. Rd1 Qc5 36. d6 Kd7 37. Bd5 f4 38. Bf2 Qxd6 39. c5 Bc2 40. cxd6
Bxd1 41. Bxf7 Re2 42. Qh3+ Kxd6 43. Qd3+ Ke7 44. Qxd1 Rxf2 45. Kg1 1-0

[Event "BL 9091 Frankfurt-Delmenhorst"]
[Site "?"]
[Date "1991.??.??"]
[Round "?.1"]
[White "Hausner, I."]
[Black "Khalifman, A."]
[Result "1/2-1/2"]
[WhiteElo "2445"]
[BlackElo "2640"]
[PlyCount "62"]
[EventDate "1991.??.??"]

1. d4 Nf6 2. c4 g6 3. Nc3 Bg7 4. e4 d6 5. f4 O-O 6. Nf3 Na6 7. Be2 e5 8. fxe5
dxe5 9. d5 Nc5 10. Bg5 h6 11. Bxf6 Qxf6 12. b4 Nd7 13. c5 a5 14. a3 axb4 15.
axb4 Rxa1 16. Qxa1 Qf4 17. g3 Qe3 18. Qb2 Nxc5 19. bxc5 Bh3 20. Qb4 Ra8 21. Nd1
Ra1 22. Qb2 Rc1 23. Nd2 Bg4 24. Qb5 c6 25. dxc6 bxc6 26. Qa6 Kf8 27. Rf1 f5 28.
Nb3 Rb1 29. Nd2 Rc1 30. Nb3 Rb1 31. Nd2 Rc1 1/2-1/2

[Event "BL 9091 Frankfurt-Delmenhorst"]
[Site "?"]
[Date "1991.??.??"]
[Round "?.2"]
[White "Lobron, E."]
[Black "Armas, I."]
[Result "1-0"]
[WhiteElo "2545"]
[BlackElo "2450"]
[PlyCount "99"]
[EventDate "1991.??.??"]

1. d4 Nf6 2. c4 c5 3. d5 e6 4. Nc3 exd5 5. cxd5 d6 6. e4 g6 7. h3 Bg7 8. Nf3
O-O 9. Bd3 a6 10. a4 Qe8 11. O-O Nfd7 12. Bf4 Ne5 13. Nxe5 Bxe5 14. Bh6 Bg7 15.
Bxg7 Kxg7 16. f4 Nd7 17. Qd2 f6 18. Nd1 Rb8 19. a5 c4 20. Bc2 b5 21. axb6 Qd8
22. Ne3 Qxb6 23. Kh2 Qb4 24. Qxb4 Rxb4 25. Ra4 Rxb2 26. Rxc4 Bb7 27. Rb1 Rxb1
28. Bxb1 Rf7 29. Rb4 Nc5 30. Nc4 Rd7 31. Rb6 f5 32. exf5 Bxd5 33. Nxd6 gxf5 34.
Nxf5+ Kf7 35. Ne3 Bb7 36. g4 h5 37. Kg3 hxg4 38. hxg4 a5 39. Rb5 Ne4+ 40. Bxe4
Bxe4 41. Re5 Rd4 42. Nf5 Rd3+ 43. Kh4 Bd5 44. Re7+ Kf6 45. Ra7 Ra3 46. Nd4 Bf7
47. g5+ Kg7 48. Nf5+ Kg6 49. Kg4 Ra1 50. Nh4+ 1-0

[Event "BL 9091 Frankfurt-Delmenhorst"]
[Site "?"]
[Date "1991.??.??"]
[Round "?.3"]
[White "Hermann, Man"]
[Black "Gutman, L."]
[Result "0-1"]
[WhiteElo "2385"]
[BlackElo "2445"]
[PlyCount "116"]
[EventDate "1991.??.??"]

1. e4 c5 2. c3 Nf6 3. e5 Nd5 4. d4 cxd4 5. Nf3 d6 6. Qxd4 e6 7. exd6 Qxd6 8.
Nbd2 Nc6 9. Bb5 f6 10. Ne4 Qd7 11. Qc4 a6 12. Bxc6 Qxc6 13. Qxc6+ bxc6 14. O-O
e5 15. c4 Nb4 16. Bd2 Bf5 17. Bxb4 Bxb4 18. a3 Be7 19. Rfe1 Kf7 20. h3 Rhb8 21.
b4 a5 22. bxa5 Rxa5 23. Rad1 Bxe4 24. Rxe4 Rxa3 25. Re2 Rb7 26. Rc2 Rab3 27.
Kf1 Rb2 28. Rdc1 Rxc2 29. Rxc2 Bc5 30. g4 Ke6 31. Nd2 g6 32. Ne4 Be7 33. f3
Rb1+ 34. Kg2 f5 35. Ng3 Bc5 36. Ne2 h5 37. gxh5 gxh5 38. Nc1 h4 39. Ne2 Be3 40.
Rc3 f4 41. Rc2 Kf5 42. Ra2 Re1 43. Nc3 Rg1+ 44. Kh2 Rg3 45. Ra8 Bg1+ 46. Kh1
Rxf3 47. Rf8+ Kg6 48. Ne4 Bd4 49. Rf6+ Kg7 50. Rxc6 Rxh3+ 51. Kg2 Re3 52. Nd6
Kf6 53. c5 Kg5 54. Rc8 f3+ 55. Kh2 f2 56. Rg8+ Kh5 57. Rh8+ Kg4 58. Rf8 Rf3 0-1

[Event "BL 9091 Frankfurt-Delmenhorst"]
[Site "?"]
[Date "1991.??.??"]
[Round "?.4"]
[White "Tischbierek, R."]
[Black "Borik, O."]
[Result "1/2-1/2"]
[WhiteElo "2500"]
[BlackElo "2375"]
[PlyCount "66"]
[EventDate "1991.??.??"]

1. e4 c5 2. Nf3 Nc6 3. d4 cxd4 4. Nxd4 Nf6 5. Nc3 d6 6. Bg5 e6 7. Qd2 a6 8.
O-O-O Bd7 9. f4 Qc7 10. Nf3 h6 11. Bh4 O-O-O 12. Qe1 Re8 13. Kb1 Kb8 14. e5
dxe5 15. fxe5 Nd5 16. Ne4 g5 17. Bg3 g4 18. Rxd5 gxf3 19. Rxd7 Qxd7 20. Nf6 Qd8
21. Nxe8 fxg2 22. Bxg2 Qxe8 23. Rf1 Rg8 24. Qc3 Rg5 25. a3 Bg7 26. Rd1 Qc8 27.
Bxc6 Qxc6 28. Rd8+ Kc7 29. Qd4 Bxe5 30. Rf8 Qh1+ 31. Ka2 Qd5+ 32. Qxd5 exd5 33.
Rxf7+ Kc8 1/2-1/2

[Event "BL 9091 Frankfurt-Delmenhorst"]
[Site "?"]
[Date "1991.??.??"]
[Round "?.5"]
[White "Schlemermeyer, W."]
[Black "Werner, D."]
[Result "1-0"]
[WhiteElo "2330"]
[BlackElo "2395"]
[PlyCount "51"]
[EventDate "1991.??.??"]

1. d4 Nf6 2. c4 g6 3. g3 Bg7 4. Bg2 O-O 5. Nc3 d6 6. Nf3 Nc6 7. O-O a6 8. d5
Na5 9. Nd2 Nd7 10. Qc2 Ne5 11. b3 c6 12. Bb2 b5 13. cxb5 cxb5 14. h3 b4 15. Nd1
Bb7 16. Qe4 Qb6 17. Bd4 Qb5 18. a4 bxa3 19. Nc3 f5 20. Qe3 Qb4 21. Na2 Qb5 22.
f4 Nf7 23. Bxg7 Kxg7 24. Qd4+ Kg8 25. Nc3 Qd7 26. b4 1-0

[Event "BL 9091 Frankfurt-Delmenhorst"]
[Site "?"]
[Date "1991.??.??"]
[Round "?.7"]
[White "Breutigam, M."]
[Black "Degenhardt, H."]
[Result "1-0"]
[WhiteElo "2330"]
[BlackElo "2325"]
[PlyCount "85"]
[EventDate "1991.??.??"]

1. d4 Nf6 2. c4 g6 3. Nc3 Bg7 4. e4 d6 5. Nf3 O-O 6. h3 Nbd7 7. Be3 e5 8. d5
Nc5 9. Nd2 a5 10. a3 Nfd7 11. b4 axb4 12. axb4 Rxa1 13. Qxa1 Na6 14. Qa3 f5 15.
g4 Nf6 16. gxf5 gxf5 17. exf5 Bxf5 18. c5 dxc5 19. bxc5 Kh8 20. Bc4 Nb8 21. Qa8
Qc8 22. Nb5 Bxh3 23. Nxc7 Qxc7 24. Rxh3 Qd7 25. Rf3 Rc8 26. Rxf6 Bxf6 27. Ne4
Bh4 28. Nd6 Qh3 29. Kd2 Rf8 30. Qxb7 Nd7 31. Ne4 Qg4 32. d6 Nf6 33. Nxf6 Bxf6
34. Bd3 Qg8 35. Qe4 Qa2+ 36. Bc2 Qa5+ 37. Ke2 Qb5+ 38. Qd3 Qxd3+ 39. Bxd3 Rd8
40. Bb5 Rb8 41. c6 Rxb5 42. c7 Rb2+ 43. Kd1 1-0

[Event "BL 9091 Frankfurt-Delmenhorst"]
[Site "?"]
[Date "1991.??.??"]
[Round "?.8"]
[White "Haakert, J."]
[Black "Derikum, A."]
[Result "1-0"]
[WhiteElo "2320"]
[BlackElo "2320"]
[PlyCount "95"]
[EventDate "1991.??.??"]

1. g3 d5 2. Bg2 Nf6 3. f4 g6 4. Nf3 Bg7 5. O-O O-O 6. d3 c5 7. c3 Nc6 8. Na3 d4
9. Bd2 Be6 10. Qa4 a6 11. cxd4 cxd4 12. Rfc1 b5 13. Qd1 Rc8 14. Ng5 Bd5 15. Ne4
e6 16. Nc2 Re8 17. Nb4 Nxb4 18. Bxb4 Rxc1 19. Rxc1 Bxe4 20. dxe4 Ng4 21. Qd3 e5
22. Bh3 h5 23. Bxg4 hxg4 24. Rf1 exf4 25. gxf4 Qc8 26. Bd2 Qe6 27. e5 Qxa2 28.
Qxd4 Qe6 29. Bc3 Rc8 30. e4 Qc4 31. Qd7 Bf8 32. Rd1 Qe2 33. e6 Qe3+ 34. Kf1
Qxf4+ 35. Kg1 Qe3+ 36. Kf1 Qf3+ 37. Kg1 Rc7 38. exf7+ Qxf7 39. Qxg4 Bc5+ 40.
Kg2 Qf2+ 41. Kh1 Qf7 42. Qh3 Qh7 43. Rd8+ Bf8 44. Qxh7+ Rxh7 45. e5 Re7 46. Bb4
Kf7 47. Bxe7 Kxe7 48. Rd6 1-0

[Event "BL 9091 Heidelberg-Bielefeld"]
[Site "?"]
[Date "1991.??.??"]
[Round "?.1"]
[White "Dokhoian, Y."]
[Black "Steinbacher, M."]
[Result "1-0"]
[WhiteElo "2540"]
[BlackElo "2370"]
[PlyCount "81"]
[EventDate "1991.??.??"]

1. d4 d6 2. Nf3 Bg4 3. c4 Bxf3 4. exf3 e6 5. Nc3 c6 6. d5 Nf6 7. dxe6 fxe6 8.
Bd3 Na6 9. O-O Be7 10. Re1 Qd7 11. Qe2 Nc7 12. b3 O-O 13. Bb2 Rae8 14. f4 d5
15. Na4 b5 16. cxb5 cxb5 17. Nc3 a6 18. Nb1 Bd6 19. Be5 b4 20. Nd2 Nb5 21. Bxb5
axb5 22. Rac1 Rc8 23. Rxc8 Rxc8 24. Bxf6 gxf6 25. Qg4+ Kh8 26. Nf3 Re8 27. Nd4
f5 28. Qh4 Bf8 29. Qh5 Bg7 30. Qd1 e5 31. fxe5 Rxe5 32. Rxe5 Bxe5 33. g3 f4 34.
Qd3 fxg3 35. hxg3 Qa7 36. Nc6 Qxa2 37. Qxd5 Bc3 38. Ne7 Qb1+ 39. Kg2 Kg7 40.
Qe6 Kf8 41. Nf5 1-0

[Event "BL 9091 Heidelberg-Bielefeld"]
[Site "?"]
[Date "1991.??.??"]
[Round "?.2"]
[White "Neurohr, S."]
[Black "Glek, I."]
[Result "0-1"]
[WhiteElo "2335"]
[BlackElo "2540"]
[PlyCount "76"]
[EventDate "1991.??.??"]

1. d4 f5 2. Nf3 Nf6 3. g3 g6 4. Bg2 Bg7 5. O-O O-O 6. c4 d6 7. Nc3 Qe8 8. b3 c6
9. Ba3 h6 10. Qd3 g5 11. e4 fxe4 12. Nxe4 Nxe4 13. Qxe4 Bf5 14. Qe3 Qd7 15.
Rae1 Rf7 16. Nd2 Na6 17. f4 g4 18. d5 Nc7 19. dxc6 bxc6 20. Bb4 d5 21. cxd5
Nxd5 22. Bxd5 cxd5 23. Bc5 d4 24. Qe2 d3 25. Qg2 Rc8 26. Bf2 Rc2 27. Nc4 Rf8
28. Ne3 Rxa2 29. Nxf5 Rxf5 30. Qa8+ Kf7 31. Qe4 d2 32. Rd1 Qb5 33. Be3 Qd5 34.
Qxd5+ Rxd5 35. Rf2 Rd3 36. Bc5 Ra1 37. Rff1 Rxd1 38. Rxd1 Rc3 0-1

[Event "BL 9091 Heidelberg-Bielefeld"]
[Site "?"]
[Date "1991.??.??"]
[Round "?.3"]
[White "Beckemeyer, W."]
[Black "Ostl, A."]
[Result "1/2-1/2"]
[WhiteElo "2360"]
[BlackElo "2325"]
[PlyCount "29"]
[EventDate "1991.??.??"]

1. e4 d6 2. d4 g6 3. Nc3 Bg7 4. g3 Na6 5. Bg2 c5 6. dxc5 Nxc5 7. Nge2 Nf6 8.
O-O O-O 9. h3 Bd7 10. Be3 Rc8 11. a4 Bc6 12. f3 b6 13. Qd2 Qd7 14. b3 Qc7 15.
Bh6 1/2-1/2

[Event "BL 9091 Heidelberg-Bielefeld"]
[Site "?"]
[Date "1991.??.??"]
[Round "?.4"]
[White "Pirrot, D."]
[Black "Stertenbrink, G."]
[Result "1-0"]
[WhiteElo "2325"]
[BlackElo "2280"]
[PlyCount "71"]
[EventDate "1991.??.??"]

1. e4 c5 2. c3 d5 3. exd5 Qxd5 4. d4 e6 5. Nf3 Nf6 6. Be2 Nc6 7. O-O Be7 8. c4
Qd7 9. dxc5 Bxc5 10. Nc3 O-O 11. Bg5 b6 12. Qc1 Be7 13. Rd1 Qb7 14. Nd4 Nxd4
15. Rxd4 Bd7 16. Ne4 Nxe4 17. Bxe7 Rfe8 18. Ba3 e5 19. Rd1 Rad8 20. Qe3 f6 21.
Rd5 Ng5 22. Rad1 Nf7 23. c5 Be6 24. Rxd8 Rxd8 25. Rxd8+ Nxd8 26. b3 Bd5 27. f4
Nf7 28. Bb2 Qc6 29. fxe5 fxe5 30. cxb6 Qxb6 31. Qxb6 axb6 32. Kf2 Kf8 33. Bc1
Ke7 34. Be3 Nd6 35. Bd3 Be4 36. Be2 1-0

[Event "BL 9091 Heidelberg-Bielefeld"]
[Site "?"]
[Date "1991.??.??"]
[Round "?.5"]
[White "Panzer, P."]
[Black "Weber, M."]
[Result "1/2-1/2"]
[WhiteElo "2285"]
[BlackElo "2330"]
[PlyCount "38"]
[EventDate "1991.??.??"]

1. d4 Nf6 2. c4 e6 3. Nc3 Bb4 4. Qc2 O-O 5. a3 Bxc3+ 6. Qxc3 d6 7. Bg5 Nbd7 8.
e3 b6 9. Bd3 c5 10. Ne2 Ba6 11. b4 Rc8 12. Qb3 h6 13. Bxf6 Nxf6 14. O-O d5 15.
bxc5 bxc5 16. Rfd1 cxd4 17. cxd5 Bxd3 18. Qxd3 dxe3 19. Qxe3 Nxd5 1/2-1/2

[Event "BL 9091 Heidelberg-Bielefeld"]
[Site "?"]
[Date "1991.??.??"]
[Round "?.6"]
[White "Grathwohl, R."]
[Black "Haskamp, S."]
[Result "1/2-1/2"]
[WhiteElo "2320"]
[BlackElo "2275"]
[PlyCount "37"]
[EventDate "1991.??.??"]

1. c4 g6 2. Nc3 d6 3. d4 Nd7 4. Nf3 Bg7 5. Bg5 h6 6. Bh4 g5 7. Bg3 f5 8. e3 e5
9. dxe5 dxe5 10. h3 Ne7 11. Nd2 O-O 12. Bh2 e4 13. Qc2 Nc6 14. a3 Nce5 15. Nb3
c6 16. O-O-O Qe7 17. Nd4 Nc5 18. Bxe5 Bxe5 19. Be2 1/2-1/2

[Event "BL 9091 Heidelberg-Bielefeld"]
[Site "?"]
[Date "1991.??.??"]
[Round "?.7"]
[White "Beilfuss, W."]
[Black "Zuse, P."]
[Result "1/2-1/2"]
[WhiteElo "2220"]
[BlackElo "2230"]
[PlyCount "65"]
[EventDate "1991.??.??"]

1. d4 Nf6 2. c4 g6 3. Nc3 Bg7 4. e4 d6 5. f3 Nc6 6. Be3 a6 7. Nge2 Rb8 8. Nc1
e5 9. Nb3 exd4 10. Nxd4 O-O 11. Qd2 Nh5 12. Be2 f5 13. Nxc6 bxc6 14. exf5 gxf5
15. O-O Qe8 16. b3 Qg6 17. Bd3 Be5 18. Rac1 Kh8 19. f4 Bf6 20. Be2 Ng7 21. Bf3
c5 22. Nd5 Bd8 23. Rfe1 Ne6 24. Bf2 Qg7 25. Rcd1 c6 26. Nc3 Nd4 27. Qd3 Ba5 28.
Rc1 Bd7 29. Red1 Rbe8 30. Ne2 Nxf3+ 31. Qxf3 Re6 32. Ng3 Qe7 33. Qd3 1/2-1/2

[Event "BL 9091 HSK-Bayern"]
[Site "?"]
[Date "1991.??.??"]
[Round "?.2"]
[White "Maus, So"]
[Black "Ribli, Z."]
[Result "1/2-1/2"]
[WhiteElo "2400"]
[BlackElo "2595"]
[PlyCount "68"]
[EventDate "1991.??.??"]

1. e4 c5 2. Nf3 e6 3. d3 Nc6 4. g3 d5 5. Nbd2 Bd6 6. Bg2 Nge7 7. O-O O-O 8. Re1
Qc7 9. a3 Bd7 10. Qe2 f6 11. c3 a5 12. d4 cxd4 13. Nxd4 Nxd4 14. cxd4 Qb6 15.
Nf3 dxe4 16. Qxe4 Rac8 17. Bh3 f5 18. Qh4 Ng6 19. Qh5 Be7 20. Bg5 Bf6 21. Bxf6
Rxf6 22. Re2 Be8 23. Qg5 Bb5 24. Rd2 Rd8 25. Qe3 Bc6 26. Ne5 Bd5 27. Nxg6 hxg6
28. Rc1 Kh7 29. Qe5 Rf7 30. Rc5 Rfd7 31. Bf1 Be4 32. Rb5 Qd6 33. Qxd6 Rxd6 34.
Bg2 Bxg2 1/2-1/2

[Event "BL 9091 HSK-Bayern"]
[Site "?"]
[Date "1991.??.??"]
[Round "?.3"]
[White "Kindermann, S."]
[Black "Mueller, Ka"]
[Result "1-0"]
[WhiteElo "2515"]
[BlackElo "2425"]
[PlyCount "107"]
[EventDate "1991.??.??"]

1. e4 c6 2. d4 d5 3. exd5 cxd5 4. c4 Nf6 5. Nc3 Nc6 6. Nf3 Bg4 7. cxd5 Nxd5 8.
Qb3 Bxf3 9. gxf3 Nb6 10. d5 Nd4 11. Qd1 e5 12. dxe6 fxe6 13. Bg2 Be7 14. O-O
O-O 15. f4 Qd7 16. Qd3 Rad8 17. Qe4 Bf6 18. Qxb7 Qxb7 19. Bxb7 Nc2 20. Rb1 Na3
21. bxa3 Bxc3 22. Be3 Rf7 23. Ba6 Nd5 24. Rfd1 Ba5 25. Bc4 Bb6 26. Bxb6 axb6
27. Rxb6 Rxf4 28. Bb3 Kf7 29. Rb7+ Kf6 30. Rd3 Rc8 31. Rg3 Rc1+ 32. Kg2 Ne7 33.
Rb6 Rc6 34. Rxc6 Nxc6 35. Rf3 Rxf3 36. Kxf3 Ke5 37. Ke3 g5 38. Bc2 h6 39. Be4
Na5 40. Kd3 h5 41. Bg2 Kd6 42. Kd4 e5+ 43. Ke4 Ke6 44. Bf1 g4 45. Bb5 Nb7 46.
Bc4+ Kf6 47. Kd5 Kf5 48. Be2 Kf4 49. Kc6 Na5+ 50. Kb6 e4 51. Kxa5 e3 52. fxe3+
Kxe3 53. Bxg4 hxg4 54. Kb5 1-0

[Event "BL 9091 HSK-Bayern"]
[Site "?"]
[Date "1991.??.??"]
[Round "?.4"]
[White "Wegner, H."]
[Black "Bischoff, K."]
[Result "0-1"]
[WhiteElo "2435"]
[BlackElo "2495"]
[PlyCount "62"]
[EventDate "1991.??.??"]

1. e4 c5 2. Nf3 e6 3. d4 cxd4 4. Nxd4 Nf6 5. Nc3 d6 6. g4 Be7 7. g5 Nfd7 8. h4
Nc6 9. Be3 O-O 10. Qh5 a6 11. O-O-O Re8 12. f4 Bf8 13. Nxc6 bxc6 14. Bd3 Qa5
15. e5 g6 16. Qf3 dxe5 17. Qxc6 Rb8 18. Qa4 Qxa4 19. Nxa4 exf4 20. Bf2 Bb7 21.
Bxa6 Bxh1 22. Rxh1 Rb4 23. b3 Ra8 24. Be2 Ne5 25. Rd1 f3 26. Bf1 Ng4 27. Be1
Rbxa4 28. bxa4 Ne3 29. Bb5 Nxd1 30. Kxd1 Rd8+ 31. Kc1 Ba3+ 0-1

[Event "BL 9091 HSK-Bayern"]
[Site "?"]
[Date "1991.??.??"]
[Round "?.5"]
[White "Hertneck, G."]
[Black "Michaelsen, N."]
[Result "0-1"]
[WhiteElo "2535"]
[BlackElo "2315"]
[PlyCount "124"]
[EventDate "1991.??.??"]

1. c4 Nf6 2. Nc3 c5 3. g3 e6 4. Bg2 d5 5. cxd5 exd5 6. d3 Be7 7. Bg5 d4 8. Bxf6
Bxf6 9. Ne4 Be7 10. Nh3 O-O 11. Nf4 Re8 12. O-O Na6 13. Qb3 Rb8 14. Rfc1 Bd7
15. a3 Bc6 16. h4 h6 17. Bf3 Bf8 18. Qc4 b5 19. Qc2 Rc8 20. b3 Ba8 21. Qd1 c4
22. bxc4 bxc4 23. Qa4 cxd3 24. Qxa6 Rxc1+ 25. Rxc1 Bxe4 26. Bxe4 d2 27. Rd1
Rxe4 28. Rxd2 Qc7 29. Qd3 Re8 30. a4 Rd8 31. Rc2 Qa5 32. Rc4 Bc5 33. Qe4 Bb6
34. Kg2 Qa6 35. Rc6 Qxa4 36. Nd3 Qb5 37. Ne5 Qd5 38. Qxd5 Rxd5 39. Rc8+ Rd8 40.
Rxd8+ Bxd8 41. Kf3 a5 42. Ke4 a4 43. Kd3 f5 44. Kc4 f4 45. Nf3 fxg3 46. fxg3 h5
47. Kb4 Bc7 48. Kxa4 Bxg3 49. Kb5 Kf7 50. Kc6 Kf6 51. Kd5 Bf2 52. Ke4 g6 53.
Nxd4 Bxh4 54. Kf3 Be1 55. e3 g5 56. Kg2 Ba5 57. e4 Bc7 58. Kh3 Be5 59. Nf5 Bc3
60. Ng3 Kg6 61. Nf5 g4+ 62. Kg2 Be5 0-1

[Event "BL 9091 HSK-Bayern"]
[Site "?"]
[Date "1991.??.??"]
[Round "?.6"]
[White "Reefschlaeger, H."]
[Black "Boensch, U."]
[Result "1-0"]
[WhiteElo "2380"]
[BlackElo "2470"]
[PlyCount "45"]
[EventDate "1991.??.??"]

1. e4 c5 2. f4 d5 3. Nc3 dxe4 4. Nxe4 e6 5. Nf3 Be7 6. b3 Nf6 7. Nf2 Nd5 8. g3
Nc6 9. Bb2 f6 10. Bg2 O-O 11. O-O Bd7 12. Qe2 Qb6 13. f5 Nc7 14. Nh4 Rf7 15.
Be4 Nd4 16. Bxd4 cxd4 17. fxe6 Qxe6 18. Bxh7+ Kxh7 19. Qh5+ Kg8 20. Ng6 Rff8
21. Rae1 Rfe8 22. Rxe6 Bxe6 23. Nd3 1-0

[Event "BL 9091 HSK-Bayern"]
[Site "?"]
[Date "1991.??.??"]
[Round "?.7"]
[White "Hickl, J."]
[Black "Sievers, S."]
[Result "1-0"]
[WhiteElo "2480"]
[BlackElo "2330"]
[PlyCount "65"]
[EventDate "1991.??.??"]

1. e4 e5 2. Nf3 Nf6 3. Nxe5 d6 4. Nf3 Nxe4 5. Nc3 Nxc3 6. dxc3 Be7 7. Bf4 Nc6
8. Qd2 O-O 9. O-O-O Bf6 10. h3 Re8 11. g4 Be6 12. Kb1 Ne5 13. Bg2 Nc4 14. Qc1
c5 15. Nd2 Qa5 16. Nxc4 Bxc4 17. a3 Qb5 18. Ka1 Rad8 19. g5 Be5 20. Bxe5 Rxe5
21. Rhe1 Rxe1 22. Rxe1 Be6 23. Qf4 d5 24. Bf1 Qd7 25. h4 b5 26. Qe5 a5 27. h5
b4 28. h6 Kf8 29. hxg7+ Ke7 30. f4 bxa3 31. b3 a4 32. f5 axb3 33. f6+ 1-0

[Event "BL 9091 HSK-Bayern"]
[Site "?"]
[Date "1991.??.??"]
[Round "?.8"]
[White "Heinemann, T."]
[Black "Schlosser, P."]
[Result "1/2-1/2"]
[WhiteElo "2340"]
[BlackElo "2465"]
[PlyCount "52"]
[EventDate "1991.??.??"]

1. d4 Nf6 2. c4 e6 3. Nc3 Bb4 4. e3 b6 5. Nge2 Ba6 6. a3 Bxc3+ 7. Nxc3 d5 8. b3
O-O 9. Be2 Nc6 10. cxd5 Bxe2 11. Nxe2 Qxd5 12. Nf4 Qb5 13. Qd3 Qxd3 14. Nxd3
Na5 15. Rb1 c5 16. dxc5 Rfd8 17. Ke2 Ne4 18. Bd2 Nb7 19. cxb6 Nxd2 20. Kxd2
axb6 21. Ke2 Rxa3 22. Rhc1 Kf8 23. Rc6 Rd6 24. Rc8+ Rd8 25. Rc6 b5 26. Rb2 Na5
1/2-1/2

[Event "BL 9091 Tegel-München 36"]
[Site "?"]
[Date "1991.??.??"]
[Round "?.1"]
[White "Smejkal, J."]
[Black "Tomczak, R."]
[Result "1-0"]
[WhiteElo "2535"]
[BlackElo "2310"]
[PlyCount "69"]
[EventDate "1991.??.??"]

1. Nf3 Nf6 2. c4 c5 3. g3 Nc6 4. Bg2 e6 5. O-O Be7 6. d4 cxd4 7. Nxd4 O-O 8.
Nc3 d5 9. cxd5 Nxd5 10. Nxd5 exd5 11. Be3 Bg5 12. Bxg5 Qxg5 13. Rc1 Rb8 14. e3
Bg4 15. Qa4 b5 16. Qb3 Nxd4 17. exd4 Qf6 18. Qd3 g6 19. Qd2 Rfe8 20. Rfe1 Bf3
21. Bxf3 Qxf3 22. Rc7 a6 23. Re3 Qf6 24. Kg2 Qd6 25. Rc5 Re4 26. Qc3 b4 27. Qd3
Rbe8 28. Rf3 R8e7 29. Ra5 R7e6 30. Rc5 Re2 31. Qb3 Rf6 32. Rxd5 Qe6 33. Rd8+
Kg7 34. Qxe6 fxe6 35. Rd7+ 1-0

[Event "BL 9091 Tegel-München 36"]
[Site "?"]
[Date "1991.??.??"]
[Round "?.2"]
[White "Lorenz, S."]
[Black "Stohl, I."]
[Result "0-1"]
[WhiteElo "2310"]
[BlackElo "2550"]
[PlyCount "46"]
[EventDate "1991.??.??"]

1. e4 c5 2. d3 Nc6 3. f4 g6 4. c3 Bg7 5. Be3 d6 6. Be2 e5 7. Nf3 exf4 8. Bxf4
Nge7 9. O-O h6 10. Na3 g5 11. Bg3 f5 12. Nb5 f4 13. Nxg5 hxg5 14. Bh5+ Kf8 15.
Bxf4 gxf4 16. Rxf4+ Nf5 17. g3 Be5 18. Rf2 a6 19. Na3 Qg5 20. Bg4 Bxg3 21. hxg3
Ne5 22. exf5 Nxg4 23. Rf4 Ne5 0-1